[Event "Kitchener Winter op"]
[Site "Kitchener "]
[Date "2013.03.09"]
[Round "3"]
[White "Ivanov, Mike"]
[Black "Pan, Neal"]
[Result "1-0"]
[WhiteElo "2221"]
[BlackElo "1956"]
[PlyCount "99"]
[EventDate "2013.03.09"]
[EventType "swiss"]
[EventRounds "5"]
[EventCountry "CAN"]
[SourceTitle "EXT 2015"]
[Source "ChessBase"]
[SourceDate "2014.11.20"]
[SourceVersion "1"]
[SourceVersionDate "2014.11.20"]
[SourceQuality "1"]

1. e4 d6 2. Nc3 Nf6 3. d4 g6 4. Be3 Bg7 5. f3 0-0 6. Qd2 c6 7. Bd3 Nbd7 8. Nge2 b5 9. 0-0 Nb6 10. b3 Bd7 11. Nd1 Qc7 12. Nf2 c5 13. c3 Rac8 14. Rac1 a5 15. Bh6 Qa7 16. g4 c4 17. bxc4 Nxc4 18. Qg5 Nb2 19. Kh1 Rb8 20. Rg1 Rfc8 21. Ng3 Bh8 22. Nf5 Be8 23. Bb1 Na4 24. e5 dxe5 25. dxe5 Rxc3 26. exf6 Bxf6 27. Qd2 Rxc1 28. Rxc1 gxf5 29. gxf5 Qd4 30. Nd3 Nc3 31. Qg2+ Kh8 32. Qg3 Rd8 33. Rg1 Bc6 34. Nf4 Qe5 35. Bd3 b4 36. Bc4 Bd5 37. Nxd5 Qxg3 38. hxg3 Nxd5 39. Rd1 e6 40. fxe6 fxe6 41. Re1 e5 42. f4 exf4 43. Bxd5 Bc3 44. Re7 fxg3 45. Kg2 Bf6 46. Rf7 Be5 47. Bb3 Re8 48. Ra7 Bd4 49. Rxa5 Be5 50. Bc4 1-0

[Event "CAN-chT University"]
[Site "Montreal"]
[Date "2013.01.12"]
[Round "1"]
[White "Kleinman, Michael"]
[Black "Pan, Neal"]
[Result "1-0"]
[WhiteElo "2393"]
[BlackElo "2024"]
[PlyCount "64"]
[EventDate "2013.01.12"]
[EventType "swiss"]
[EventRounds "5"]
[EventCountry "CAN"]
[SourceTitle "EXT 2014"]
[Source "ChessBase"]
[SourceDate "2013.11.20"]
[SourceVersion "1"]
[SourceVersionDate "2013.11.20"]
[SourceQuality "1"]

1. e4 d6 2. d4 Nf6 3. Nc3 g6 4. Nf3 Bg7 5. h3 0-0 6. Be3 Nfd7 7. Bc4 c6 8. a4 e5 9. 0-0 Qc7 10. Re1 b6 11. d5 Bb7 12. dxc6 Bxc6 13. Bd5 a6 14. Qd2 Nf6 15. Bxc6 Nxc6 16. Bg5 Rfe8 17. Bxf6 Bxf6 18. Nd5 Qd8 19. Qe3 Nd4 20. Nxd4 exd4 21. Qb3 Rb8 22. Qd3 a5 23. Re2 Be5 24. g3 h5 25. Kg2 h4 26. f4 Bg7 27. g4 g5 28. Rf1 Rc8 29. Qf3 Rf8 30. f5 Bf6 31. Qb3 Rb8 32. Qb5 Re8 1-0